Othelo (Record no. 7973)

MARC details
000 -LEADER
fixed length control field 00464cam a2200205ua 4500
001 - CONTROL NUMBER
control field 8886
005 - DATE AND TIME OF LATEST TRANSACTION
control field 20260515114409.0
008 - FIXED-LENGTH DATA ELEMENTS--GENERAL INFORMATION
fixed length control field 150218n ii |||gr||||Z||||||eng
020 ## - INTERNATIONAL STANDARD BOOK NUMBER
International Standard Book Number 8121905095
040 ## - CATALOGING SOURCE
Transcribing agency MAIN
041 ## - LANGUAGE CODE
Language code of text/sound track or separate title eng
082 ## - DEWEY DECIMAL CLASSIFICATION NUMBER
Classification number 822.33
100 ## - MAIN ENTRY--PERSONAL NAME
Personal name Turner, W.,
Relator term Editor.
245 1# - TITLE STATEMENT
Title Othelo
Statement of responsibility, etc. Edited by W. Turner
250 ## - EDITION STATEMENT
Edition statement 1st.
260 ## - PUBLICATION, DISTRIBUTION, ETC.
Place of publication, distribution, etc. New Delhi:
Name of publisher, distributor, etc. S. Chand,
Date of publication, distribution, etc. 1994.
300 ## - PHYSICAL DESCRIPTION
Extent lxxv,352p.
653 ## - INDEX TERM--UNCONTROLLED
Uncontrolled term English drama
942 ## - ADDED ENTRY ELEMENTS (KOHA)
Koha item type Books
Holdings
Withdrawn status Lost status Damaged status Not for loan Home library Current library Shelving location Date acquired Total checkouts Full call number Barcode Date last seen Copy number Price effective from Koha item type
        Naharkatiya College Library Naharkatiya College Library General stacks 09/19/2020   822.33 | OTH 4405 09/19/2020 1 09/19/2020 Books